Capturing Institutional Change: (Record no. 183341)

MARC details
000 -LEADER
fixed length control field 00855 a2200229 4500
005 - DATE AND TIME OF LATEST TRANSACTION
control field 20211223122233.0
010 ## - LCCN (DPL NO)
LC control number ENG-130540
020 ## - INTERNATIONAL STANDARD BOOK NUMBER
International Standard Book Number 978-0-19-012478-6
Terms of availability 1,695.00
035 ## - SYSTEM CONTROL NUMBER
System control number EN-114072
037 ## - SOURCE OF ACQUISITION
Source of stock number/acquisition DBAD/PUB
082 ## - DEWEY DECIMAL CLASSIFICATION NUMBER
Classification number 342.540853
Item number 1
100 ## - MAIN ENTRY--PERSONAL NAME
Personal name Jha, Himanshu
245 ## - TITLE STATEMENT
Title Capturing Institutional Change:
Remainder of title The Case of the Right To Information Act in India/
Statement of responsibility, etc Himanshu Jha, Series edited by Rahul Mukherji, Subrata K.Mitra, Raghbendra Jha
250 ## - EDITION STATEMENT
Edition statement 2020
260 ## - PUBLICATION, DISTRIBUTION, ETC. (IMPRINT)
Place of publication, distribution, etc New Delhi
Name of publisher, distributor, etc Oxford University Press
Date of publication, distribution, etc 2020
270 ## - ADDRESS
Address 22 Workspace, 2nd Floor, 1/22 Asaf Ali Road
City New Delhi
Postal code 110002
300 ## - PHYSICAL DESCRIPTION
Extent 319p.
Dimensions 22cm (pbk)
Other physical details Index, About the Author, Bibliography, Appendices
700 ## - ADDED ENTRY--PERSONAL NAME
Personal name Mukherji, Rahul
700 ## - ADDED ENTRY--PERSONAL NAME
Personal name K,Mitra, Subrata
700 ## - ADDED ENTRY--PERSONAL NAME
Personal name Jha, Raghbendra
942 ## - ADDED ENTRY ELEMENTS (KOHA)
Institution code [OBSOLETE] dpl
Item type English Books
Source of classification or shelving scheme Dewey Decimal Classification
Classification part 342.540853
Call number suffix JHA
Holdings
Withdrawn status Lost status Not for loan Collection code Home library Current library Date acquired Source of acquisition Cost, normal purchase price Full call number Barcode Copy number Cost, replacement price Koha item type
      Non-fiction Patel Nagar Patel Nagar 23/12/2021 DBAD/PUB 1695.00 342.540853 JHA EN-114072 1 1695.00 English Books

© Delhi Public Library
Hit Counter
free hit counter